| 000 | 00451nam a22001217a 4500 | ||
|---|---|---|---|
| 999 |
_c21533 _d21533 |
||
| 008 | 240912b ||||| |||| 00| 0 eng d | ||
| 100 |
_aAddatu, Corazon B. _eauthor. _960802 |
||
| 245 |
_aThe role of school to ofw children / _cCorazon B. Addatu. |
||
| 260 |
_aPhilippines; _bPublishers Association of the Philippines, Inc., _cDecember 2019. |
||
| 300 | _aVolume 168, pages 250-251. | ||
| 700 |
_aAddatu, Corazon B. _eauthor. _960802 |
||
| 942 |
_2ddc _cPER |
||